El poder de la Suprema Corte de los Estados Unidos

Kaydedildi:
Detaylı Bibliyografya
Yazar: Gaviola, Carlos A (Yazar)
Materyal Türü: Kitap
Dil:İspanyolca
Baskı/Yayın Bilgisi: Buenos Aires TEA 1965
Konular:
Etiketler: Etiketle
Etiket eklenmemiş, İlk siz ekleyin!

MARC

LEADER 00000nam a2200000 a 4500
001 UCS1069
003 CL-VaPUC
008 970509e19650000AG |||||||||||||||||spa|d
082 0 4 |a 347.732  |b GAV  |2 21 
100 |a Gaviola, Carlos A  |e author  |9 385130 
245 1 3 |a El poder de la Suprema Corte de los Estados Unidos 
300 |a 220 p 
942 |c BK 
945 |d 19970509 00:00:00  |a cmena 
260 |a Buenos Aires  |b TEA  |c 1965 
650 0 |a Corte suprema   |9 370023 
650 0 |a Poder judicial  |9 254871 
650 0 |a Justicia   |9 255408 
650 0 |a Common Law (derecho anglosajón, derecho inglés)  |9 380793 
650 0 |a Derecho procesal penal  |9 255496 
650 0 |a Interpretación de la ley  |9 257376 
650 0 |a Libertad  |9 255686 
650 0 |a Jueces  |9 256162 
650 7 |a LEGISLACION  |2 CL-VaPUC  |9 385112 
651 0 |a Estados Unidos  |9 255178 
583 |a last modification  |c 20130328 13:31:40  |k Rodrigo Vera 
999 |c 259177  |d 259175 
952 |0 0  |1 0  |4 0  |6 347_732000000000000_GAV_1965  |7 0  |8 A  |9 283781  |a BIBDER  |b BIBDER  |d 2019-11-19  |i 1842625  |o 347.732 GAV 1965  |p 1842625  |r 2023-01-25  |w 2019-11-19  |y BK  |k DER